000 00668nam a2200253Ia 4500
005 20260121153758.0
008 008 260114s9999 xx 000 0 eng d
020 _a9781003009320
037 _aEBOOK
040 _aCRL
040 _beng
040 _cCRL
041 _2eng
041 _aeng
084 _qCRL
100 _aSatyajit Ratha; Aneeya Kumar Samantara
_9999014
245 0 _aElectrochemical Energy Conversion and Storage Systems for Future Sustainability
260 _bTaylor and Francis
260 _c2021
856 _uhttp://www.taylorfrancis.com/books/9781003009320
942 _cEBOOK
999 _c1565835
_d1565835